000 00453nam a2200169Ia 4500
005 20250508152419.0
008 008 250505s9999 xx 000 0 eng d
037 _aTextual
040 _aFEDL
_beng
_cFEDL
041 _aeng
_2eng
084 _aB, FRA
_qFEDL
245 0 _aAutobiography of benjamin franklin
260 _aNew York, USA
_bThe Modern Library
_c1944
300 _a264p.
942 _cTEXL
_hB, FRA
999 _c1336270
_d1336270